00442nam a2200085Ia 4500008004100000245017000041260000900211300010400220650003200324180130s9999 xx 000 0 und d cIvanov, George R.; Georgiev, Georgi; Lalchev, ZdravkoaFluorescently labeled phospholipids - new class of materials for chemical sensors for environmental monitoring c2015 aBook title: Significant concept in global environmental change--Acession number C19421; pages 65-88 aGLOBAL ENVIRONMENTAL CHANGE